Terraria Bosses - Statistics

General Stats
  • This quiz has been taken 154 times
    145 since last reset
  • The average score is 21 of 29
Answer Stats
Bestiary Description Boss/Miniboss % Correct
"Slimes normally aren't intelligent, but occasionally they merge together to become a powerful force to swallow all things." King Slime
99%
"A piece of Cthulhu ripped from his body centuries ago in a bloody war. It wanders the night seeking its host body... and revenge!" Eye of Cthulhu
98%
"This highly aggressive monstrosity responds violently when her larva is disturbed; the honey-laden hives are her home turf." Queen Bee
97%
"The disembodied bones of a former tyrant pulsed with a hatred so strong, it left behind a mighty curse which guards the Dungeon." Skeletron
97%
"A piece of Cthulhu torn asunder, this vile mastermind pulses with agony and aids the Crimson in an attempt to avenge its master." Brain of Cthulhu
96%
"Serving as the world's core and guardian, the towering demon lord exists to keep powerful ancient spirits sealed away." Wall of Flesh
96%
"Belonging to a pair of mechanically recreated Eyes of Cthulhu, one focuses its energy into firing powerful lasers, and the other chases at high speed, exhaling cursed flames."(Not exact, but essentially the exact Bestiary description) The Twins
94%
"Hallowed slimes consolidated into a haughty, crushing force adorned in dazzling crystals. She is rumored to grow wings." Queen Slime
93%
"Mechanically reconstructed for reviving Cthulhu, this Skeletron has more arms than ever before, and a variety of fierce weapons." Skeletron Prime
93%
"Conceived from the bottomless malice of the Corruption, this mighty abyssal worm tunnels wildly to devour all in its path." Eater of Worlds
92%
"A dormant, yet powerful floral guardian awoken by the fallout of Cthulhu's destroyed machinations. Its reach spans the entire jungle." Plantera
90%
"A mechanical simulacrum of Cthulhu's spine decorated in laser-armed probes, which detach from its body when damaged." The Destroyer
90%
"The mastermind behind all terrors which befall the world, freed from his lunar prison. Practically a god, his power knows no limits." Moon Lord
89%
"The stone-faced ritualistic idol of the lihzahrd tribe." Golem
88%
"Beneath the Hallow's cleansing blanket lies a vengeful fae goddess bent on scrubbing the land of any and all impurity." Empress of Light
87%
"An aquatic pigron mutation from the depths of the ocean who surfaces in search of a rare, savory type of worm." Duke Fishron
83%
"A fanatical leader hell-bent on bringing about the apocalypse by reviving the great Cthulhu through behind-the-scenes scheming." Lunatic Cultist
82%
"Hailing from a distant land, this cyclopic monstrosity lurks in cold places, wreaking havoc on those who disturb it." Deerclops
81%
A combination of the three mechanical bosses, only found in a special seed. Mechdusa
57%
Event Boss: "A vicious Etherian dragon who leads the minions of the Old One's Army that found their way to this world." Betsy
56%
"When the pirates face strong opposition in their pillaging raids, they bring their majestic floating galleon as backup. Cannons away!" Flying Dutchman
54%
Event Boss: "A pumpkin has many faces. A pumpkin will murder all with many sharp blades. A pumpkin is king of the harvest." Pumpking
51%
Event Boss: "If this icy towering monstrosity wishes for someone's soul, they'll surely let it go... right from their cold, dead hands." Ice Queen
49%
Event Boss: "A tall, hulking demi-human from the Old One's Army with unfathomable strength and vitality. He carries a big stick." Ogre
49%
Event Boss: "These enormous murder trees nightmarishly stomp about, prepared to shower endless fiery destruction upon all life." Mourning Wood
45%
Event Boss: "If trees could scream, this evil evergreen would do so constantly. Deadly are the ornaments hurled from its branches." Everscream
36%
Event Boss: "An advanced flying saucer from somewhere well beyond this world. The destruction from its weaponry is unimaginable." Martian Saucer
36%
Event Boss: "A small, levitating sorcerer from Etheria who wields dark magic and can even raise fresh minions for the Old One's Army." Dark Mage
35%
Event Boss: "This jolly bad boy wants to stuff everyone's stockings with the gift of their entrails." Santa-NK1
31%
No matching quizzes found
Score Distribution
Percent of People with Each Score
Percentile by Number Answered
Your Score History
You have not taken this quiz since the last reset